00749nam a2200205 i 450000100060000000300090000600700030001500800410001802000180005910000190007724501320009625000490022826000530027730000220033049000580035270000190041070000240042983000580045385200320051187517ES-MaACLt|041222s1984 sp ||||1| spa d a84-7509-323-X1 aLaban, Rudolf.10aDanza educativa moderna / cRudolf Laban ; edición corregida y ampliada por Lisa Ullmann ; traducción de Amanda Ares Vidal. a3ª ed. en inglés, 1ª reimp. en España. aBarcelona ; aBuenos Aires : bPaidós, c1984. a133 p. ; c20 cm.1 aBiblioteca de técnicas y lenguajes corporales ; v21 aUllmann, Lisa.1 aAres Vidal, Amanda.0 aBiblioteca de técnicas y lenguajes corporales ; v2 aES-MaACLjL-9726 bR.111533